[Event "Invitation"]
[Site "http://www.queenalice.com/game.php?id=979212"]
[Date "2011.8.31"]
[Round "-"]
[White "Comte_de_Foix"]
[Black "cocorico"]
[Result "0-1"]
[WhiteElo "1440"]
[BlackElo "1500"]

1. e4 c5 2. Nf3 e6 3. d4 cxd4 4. Nxd4 a6 5. Nc3 Qc7 6. Bd3 Nc6 7. Nb3 Nf6 8. Be3
d6 9. Qf3 Ne5 10. Qg3 g6 11. f4 Nh5 12. Qh3 Nxd3+ 13. cxd3 Bg7 14. Rc1 Qd8 15.
g4 e5 16. fxe5 dxe5 17. O-O Nf6 18. Bg5 Be6 19. Qf3 Qb6+ 20. Kh1 Nxg4 21. Nd5
Bxd5 22. exd5 f5 23. Rc4 O-O 24. Be7 Rfe8 25. d6 Ne3 26. d7 Reb8 27. d8=Q+ Rxd8
28. Bxd8 Rxd8 29. Rfc1 Nxc4 30. dxc4 e4 31. Qe2 Qf6 32. Rc2 Qe5 33. h4 e3 34. c5
Qe4+ 35. Kg1 Qxh4 36. Qxe3 Rd1+ 37. Kg2 Qh1+ 38. Kf2 Qg1+ 39. Kf3 Rf1+ 40. Rf2
Qg4# 0-1

[Event "Challenge"]
[Site "http://www.queenalice.com/game.php?id=987259"]
[Date "2011.9.19"]
[Round "-"]
[White "cocorico"]
[Black "Comte_de_Foix"]
[Result "1-0"]
[WhiteElo "1585"]
[BlackElo "1414"]

1. d4 d5 2. c4 e6 3. Nc3 dxc4 4. e4 Nc6 5. Nf3 a6 6. a4 Bb4 7. Bxc4 Nf6 8. Bg5
O-O 9. e5 h6 10. exf6 hxg5 11. fxg7 Kxg7 12. O-O f5 13. d5 Na5 14. Ba2 g4 15.
Qd4+ Qf6 16. Qxb4 gxf3 17. Qxa5 fxg2 18. Qxc7+ Rf7 19. Qg3+ Kh8 20. Rfe1 f4 21.
Qf3 Rh7 22. Kxg2 e5 23. Kf1 Qh4 24. Rxe5 Qh3+ 25. Qxh3 Bxh3+ 26. Ke1 Bg2 27. Kd2
Rxh2 28. Rae1 Bf3 29. Re8+ Rxe8 30. Rxe8+ Kg7 31. d6 Bc6 32. Re7+ Kf8 33. Ne4
Bxe4 34. Rxe4 Rxf2+ 35. Ke1 Rf3 36. d7 1-0

[Event "Challenge"]
[Site "http://www.queenalice.com/game.php?id=1036296"]
[Date "2012.3.5"]
[Round "-"]
[White "Comte_de_Foix"]
[Black "cocorico"]
[Result "0-1"]
[WhiteElo "1449"]
[BlackElo "1663"]

1. e4 Nf6 2. e5 Nd5 3. c4 Nb6 4. d4 d6 5. f4 dxe5 6. fxe5 Nc6 7. Nf3 Bg4 8. Be3
Bxf3 9. gxf3 e6 10. Nc3 Be7 11. Ne4 Bh4+ 12. Ng3 Qe7 13. Qd2 O-O-O 14. O-O-O
Nxe5 15. c5 Nbc4 16. Qc3 Nxe3 17. Qxe3 Nc6 18. d5 Rxd5 19. Rxd5 exd5 20. Bh3+
Kb8 21. Nf5 Bg5 22. f4 Qxe3+ 23. Nxe3 Bxf4 0-1

[Event "Challenge"]
[Site "http://www.queenalice.com/game.php?id=1060125"]
[Date "2012.5.16"]
[Round "-"]
[White "cocorico"]
[Black "Comte_de_Foix"]
[Result "1-0"]
[WhiteElo "1689"]
[BlackElo "1439"]

1. e4 e5 2. d4 exd4 3. Qxd4 Nc6 4. Qe3 Nf6 5. Nc3 Bb4 6. Bd2 O-O 7. O-O-O Re8 8.
Bc4 Bxc3 9. Bxc3 Nxe4 10. Qf4 Qe7 11. Re1 Nxc3 12. Qxf7+ 1-0

[Event "Challenge"]
[Site "http://www.queenalice.com/game.php?id=1060819"]
[Date "2012.5.17"]
[Round "-"]
[White "jujuju"]
[Black "cocorico"]
[Result "0-1"]
[WhiteElo "2096"]
[BlackElo "1689"]

1. d4 Nf6 2. Bg5 c5 3. dxc5 Qa5+ 4. c3 Qxc5 5. Nf3 d6 6. Nbd2 Nbd7 7. e4 g6 8.
Bc4 Bg7 9. O-O O-O 10. b4 Qc7 11. Re1 Nb6 12. Qb3 Nxc4 13. Qxc4 Qxc4 14. Nxc4
Be6 15. Ncd2 Rac8 16. Rec1 Rc7 17. Nd4 Bd7 18. Ne2 Rfc8 19. f3 Bb5 20. Nd4 Bd3
21. N2b3 Rxc3 22. Rd1 Bc2 23. Nxc2 Rxc2 24. Rdc1 Rxc1+ 25. Rxc1 Rxc1+ 26. Nxc1
e6 27. g4 d5 28. Bxf6 Bxf6 29. exd5 exd5 30. b5 a6 31. a4 axb5 32. axb5 Bc3 33.
Nd3 Kf8 34. Kf2 Ke7 35. Nc5 Bd4+ 0-1

[Event "Challenge"]
[Site "http://www.queenalice.com/game.php?id=1064386"]
[Date "2012.5.26"]
[Round "-"]
[White "Comte_de_Foix"]
[Black "cocorico"]
[Result "0-1"]
[WhiteElo "1425"]
[BlackElo "1747"]

1. e4 d5 2. exd5 Qxd5 3. Nc3 Qa5 4. d4 Nf6 5. Nf3 c6 6. Bc4 Bf5 7. Bd2 e6 8. Nd5
Qd8 9. Ne3 Bg6 10. O-O Nbd7 11. Re1 Be7 12. Qe2 O-O 13. Bd3 Ne4 14. Bxe4 Bxe4
15. Rad1 Qc7 16. c4 Nf6 17. Bc3 Qf4 18. Ne5 Rad8 19. f3 Bg6 20. g3 Qg5 21. Bd2
Qh5 22. Nxg6 Qxg6 23. Bc3 Rd7 24. d5 cxd5 25. cxd5 Nxd5 26. Nxd5 Bc5+ 27. Ne3
Rc7 28. Rd3 f6 29. Qd2 Rcf7 30. b4 Bb6 31. a4 h5 32. Rd7 h4 33. Rxf7 Rxf7 34.
Kg2 Bc7 35. Nf1 hxg3 36. hxg3 e5 37. Ne3 e4 38. Qf2 Rd7 39. Ng4 Rd3 40. Re3 Rxe3
41. Nxe3 exf3+ 42. Qxf3 a6 43. Qg4 Qxg4 44. Nxg4 Kf7 45. Kf3 Ke6 46. Ne3 Be5 47.
Nd1 Bc7 48. g4 g6 49. Nf2 f5 50. Nd3 b6 51. b5 fxg4+ 52. Kxg4 axb5 53. axb5 Kd5
54. Nb4+ Kc4 55. Na6 Bd6 56. Kg5 Kxc3 0-1

[Event "Challenge"]
[Site "http://www.queenalice.com/game.php?id=1071764"]
[Date "2012.6.14"]
[Round "-"]
[White "cocorico"]
[Black "Comte_de_Foix"]
[Result "1-0"]
[WhiteElo "1706"]
[BlackElo "1431"]

1. e4 e5 2. f4 exf4 3. Nf3 g5 4. Bc4 Bg7 5. O-O d6 6. c3 h6 7. d4 Nc6 8. b4 Nge7
9. b5 Na5 10. Be2 Bg4 11. Nbd2 Qd7 12. Qa4 b6 13. Nc4 Nxc4 14. Bxc4 d5 15. exd5
Bxf3 16. Rxf3 Nxd5 17. Qb3 Nxc3 18. Rd3 Ne2+ 19. Kf1 Nxd4 20. Qd1 O-O-O 21. Bb2
f3 22. Bxd4 Bxd4 23. Qxf3 Kb8 24. Rad1 g4 25. Qf4 Qd6 26. Qxd6 Rxd6 27. Rxd4
Rxd4 28. Rxd4 f5 29. Rf4 Kc8 30. Rxf5 Rd8 31. Be6+ Kb8 32. Kf2 a6 33. Kg3 axb5
34. Rxb5 Kb7 35. Bxg4 c6 36. Re5 c5 37. Bf3+ Ka6 38. Rd5 Rg8+ 39. Kh4 c4 40. Rd2
b5 41. Rd6+ Ka5 42. Rxh6 b4 43. Bd5 Rd8 44. Rh5 Ka4 45. g4 c3 46. Bb3+ Ka3 47.
Rc5 Rd2 48. h3 Kb2 49. g5 1-0

[Event "Challenge"]
[Site "http://www.queenalice.com/game.php?id=1098038"]
[Date "2012.8.30"]
[Round "-"]
[White "jujuju"]
[Black "cocorico"]
[Result "0-1"]
[WhiteElo "2233"]
[BlackElo "1706"]

1. d4 Nf6 2. Bg5 c5 3. dxc5 Qa5+ 4. c3 Qxc5 5. Nf3 d6 6. Nbd2 Nbd7 7. e4 g6 8.
Bd3 Bg7 9. O-O O-O 10. Nb3 Qc7 11. Re1 b6 12. Re3 h6 13. Bxf6 Nxf6 14. Re1 Bb7
15. Nbd4 e5 16. Nb5 Qe7 17. c4 Bc6 18. b4 Bxb5 19. cxb5 Rad8 20. a3 d5 21. exd5
Nxd5 22. g3 Nc3 23. Qc2 e4 24. Bxe4 Nxe4 25. Rxe4 Qxe4 26. Qxe4 Bxa1 27. Qb7 Rd3
28. Kg2 Rxa3 29. Qe7 Ra2 30. Ne5 Re2 31. Qxa7 Bxe5 32. Qxb6 Rb8 33. Qc5 Bg7 34.
Kf3 Re6 35. Qc7 Reb6 0-1

[Event "Challenge"]
[Site "http://www.queenalice.com/game.php?id=1105705"]
[Date "2012.9.23"]
[Round "-"]
[White "cocorico"]
[Black "jujuju"]
[Result "1-0"]
[WhiteElo "1706"]
[BlackElo "2186"]

1. e4 e5 2. Nf3 Nc6 3. Nc3 Bb4 4. Nd5 Nf6 5. Nxb4 Nxb4 6. c3 Nc6 7. Qc2 O-O 8.
Be2 Re8 9. O-O d5 10. d3 Be6 11. Bg5 a5 12. exd5 Qxd5 13. Bxf6 gxf6 14. Nd2 Kf8
15. Ne4 Ke7 16. f4 exf4 17. Rxf4 f5 18. Ng3 Rg8 19. d4 Rg5 20. Bf3 Qb5 21. a4
Qb3 22. Qxb3 Bxb3 23. Nxf5+ Kf8 24. h4 Rg6 25. Bd1 Be6 26. Bc2 Bxf5 27. Rxf5 Re8
28. Raf1 Rg7 29. Bb3 Re7 30. h5 h6 31. Rf6 Nd8 32. Rxh6 Kg8 33. Rg6 Kh7 34.
Rxg7+ Kxg7 35. Kf2 f6 36. Re1 Rxe1 37. Kxe1 f5 38. Kf2 Kh6 39. Bd1 Ne6 40. Ke3
Ng7 41. Kf4 Nxh5+ 42. Bxh5 Kxh5 43. Kxf5 Kh4 44. g4 1-0

[Event "Challenge"]
[Site "http://www.queenalice.com/game.php?id=1113899"]
[Date "2012.10.19"]
[Round "-"]
[White "jujuju"]
[Black "cocorico"]
[Result "0-1"]
[WhiteElo "2192"]
[BlackElo "1706"]

1. d4 Nf6 2. Nf3 g6 3. Bg5 Bg7 4. c3 O-O 5. Nbd2 d6 6. e4 c5 7. Bc4 cxd4 8. cxd4
Nc6 9. O-O Nxe4 10. Nxe4 d5 11. Nfd2 dxc4 12. Nf3 Nxd4 13. Nxd4 Qxd4 14. Qxd4
Bxd4 15. Rab1 Bf5 16. Rfe1 Rfe8 17. Red1 Rad8 18. Re1 Kg7 19. Kf1 h6 20. Bh4 g5
21. Bg3 e5 22. f3 Bg6 23. Rbc1 f5 24. Nc3 f4 25. Bf2 Bxf2 26. Kxf2 Rd2+ 27. Re2
Red8 28. Ne4 Rxe2+ 29. Kxe2 Bxe4 30. fxe4 Rd4 31. Kf3 h5 32. h3 Kf6 33. Re1 Rd2
34. Re2 Rxe2 35. Kxe2 Ke6 36. Kd2 Kd6 37. Kc3 Kc5 38. b3 cxb3 39. axb3 g4 40.
hxg4 hxg4 0-1

[Event "Challenge"]
[Site "http://www.queenalice.com/game.php?id=1128108"]
[Date "2012.12.4"]
[Round "-"]
[White "cocorico"]
[Black "Comte_de_Foix"]
[Result "1-0"]
[WhiteElo "1752"]
[BlackElo "1465"]

1. d4 d5 2. c4 c6 3. Nf3 Nf6 4. Nc3 e6 5. e3 Nbd7 6. Qc2 Bd6 7. c5 Bc7 8. b4 e5
9. dxe5 Nxe5 10. Nxe5 Bxe5 11. f4 Bc7 12. Bd3 Qe7 13. O-O Ng4 14. Qe2 O-O 15. e4
d4 16. Nd1 b6 17. Qc2 bxc5 18. bxc5 Nf6 19. e5 Nd7 20. Bxh7+ Kh8 21. Be4 Ba6 22.
Rf3 Qxc5 23. Rh3+ Kg8 24. Bh7+ Kh8 25. Qxc5 Nxc5 26. Ba3 Bc8 27. Bf5+ Kg8 28.
Bxc8 Rfxc8 29. Bxc5 Bb6 30. Rc1 Rc7 31. Rd3 Rd8 32. Nf2 Bxc5 33. Rxc5 1-0

[Event "OS INCLIVEIS"]
[Site "http://www.queenalice.com/game.php?id=1138919"]
[Date "2013.1.9"]
[Round "-"]
[White "adelio"]
[Black "cocorico"]
[Result "0-1"]
[WhiteElo "1756"]
[BlackElo "1716"]

1. d4 Nf6 2. c4 g6 3. Nc3 Bg7 4. e4 d6 5. Bg5 O-O 6. Bxf6 Bxf6 7. Nd5 Bg7 8. g4
Nc6 9. Rb1 Nxd4 10. g5 e6 11. Nf6+ Bxf6 12. gxf6 Qxf6 13. h4 b6 14. Qd3 Bb7 15.
h5 d5 16. Qc3 dxe4 17. hxg6 fxg6 18. Rc1 Qxf2+ 19. Kd1 Qxf1+ 20. Qe1 Qd3+ 21.
Qd2 Rf1# 0-1

[Event "Challenge"]
[Site "http://www.queenalice.com/game.php?id=1183078"]
[Date "2013.5.20"]
[Round "-"]
[White "cocorico"]
[Black "Mugo"]
[Result "1-0"]
[WhiteElo "1759"]
[BlackElo "1592"]

1. e4 e5 2. Nf3 Nc6 3. Bb5 f6 4. d4 exd4 5. Nxd4 Nxd4 6. Qxd4 c6 7. Bc4 Ne7 8.
Nc3 Ng6 9. a4 a5 10. Be3 d6 11. O-O-O Be7 12. f4 Bg4 13. Be2 Bxe2 14. Nxe2 O-O
15. h4 h5 16. g4 f5 17. g5 fxe4 18. Qxe4 Qe8 19. Ng3 Bxg5 20. hxg5 Qxe4 21. Nxe4
Rfe8 22. Nxd6 Rxe3 23. f5 Nf4 24. f6 gxf6 25. gxf6 Rf8 26. f7+ Rxf7 27. Nxf7
Kxf7 28. Rdf1 Re4 29. Rh4 Rxa4 30. Rhxf4+ Rxf4 31. Rxf4+ Kg6 32. Kd2 b5 33. Ke3
Kg5 34. Kf3 c5 35. Rf8 1-0

[Event "Challenge"]
[Site "http://www.queenalice.com/game.php?id=1183356"]
[Date "2013.5.21"]
[Round "-"]
[White "cocorico"]
[Black "GastonLagaffe"]
[Result "1-0"]
[WhiteElo "1759"]
[BlackElo "1321"]

1. d4 d5 2. c4 c6 3. Nc3 dxc4 4. e4 b5 5. a4 b4 6. Na2 a5 7. Bxc4 Be6 8. Bxe6
fxe6 9. Nf3 Nf6 10. e5 Nd5 11. Ng5 Nf6 12. exf6 exf6 13. Nxe6 Qd6 14. O-O Nd7
15. Re1 Kf7 16. Bf4 Qxe6 17. Rxe6 Kxe6 18. Qb3+ Kf5 19. Qf3 g5 20. Bd6+ Kg6 21.
Bxf8 Rhxf8 22. Qxc6 Rad8 23. Re1 Nb8 24. Qe4+ Kh6 25. Re3 Nc6 26. Rh3+ Kg7 27.
Qxh7# 1-0

[Event "Challenge"]
[Site "http://www.queenalice.com/game.php?id=1211991"]
[Date "2013.8.28"]
[Round "-"]
[White "Mugo"]
[Black "cocorico"]
[Result "0-1"]
[WhiteElo "1659"]
[BlackElo "1806"]

1. e4 c5 2. Nc3 Nc6 3. g3 d6 4. Bg2 g6 5. d3 Bg7 6. Be3 Nf6 7. Nf3 O-O 8. O-O
Bd7 9. Qd2 Ng4 10. Rfe1 Nxe3 11. Qxe3 Rb8 12. a4 a6 13. Ng5 b5 14. axb5 axb5 15.
f4 Bd4 0-1

[Event "Challenge"]
[Site "http://www.queenalice.com/game.php?id=1214100"]
[Date "2013.9.3"]
[Round "-"]
[White "scoutoujours"]
[Black "cocorico"]
[Result "0-1"]
[WhiteElo "1769"]
[BlackElo "1772"]

1. e4 e5 2. Nf3 Nc6 3. Bb5 a6 4. Ba4 Nf6 5. d3 b5 6. Bb3 d5 7. O-O Be7 8. Nc3
Be6 9. Ng5 Nd4 10. Nxe6 fxe6 11. exd5 Nxb3 12. axb3 exd5 13. Re1 d4 14. Ne4 O-O
15. c3 c5 16. c4 Qd7 17. Ng5 Qf5 18. Qf3 Nd7 19. Qxf5 Rxf5 20. Ne4 Rff8 21. Bd2
bxc4 22. bxc4 Rfb8 23. Reb1 Rb6 24. f4 exf4 25. Bxf4 Kf7 26. Rf1 Nf6 27. Ng5+
Kg8 28. Rab1 Nh5 29. Nh3 Rb3 30. Rfd1 Nxf4 31. Nxf4 Rab8 32. Ra1 Rxb2 33. Rxa6
Rf8 34. Ne6 Rff2 35. Ra8+ Kf7 36. Re1 Rxg2+ 37. Kh1 Rxh2+ 38. Kg1 Rhe2 39. Rxe2
Rxe2 40. Nf4 Re1+ 41. Kg2 Bg5 42. Ra7+ Re7 43. Rxe7+ Kxe7 44. Nd5+ Ke6 45. Kf3
Kf5 46. Nc7 h5 47. Kg3 Bf6 48. Nd5 g5 49. Nxf6 Kxf6 50. Kh3 Kf5 51. Kg3 h4+ 52.
Kh3 Kf4 53. Kg2 g4 54. Kh2 Ke3 55. Kg2 Kxd3 0-1

[Event "Challenge"]
[Site "http://www.queenalice.com/game.php?id=1215878"]
[Date "2013.9.10"]
[Round "-"]
[White "jeancarlo1910"]
[Black "cocorico"]
[Result "0-1"]
[WhiteElo "1993"]
[BlackElo "1829"]

1. f4 d5 2. d4 Nf6 3. Nf3 Bf5 4. Nc3 e6 5. e3 Bb4 6. Bd2 O-O 7. Bd3 Ne4 8. Bxe4
dxe4 9. Ne5 Qh4+ 10. g3 Qh3 11. Qe2 f6 12. Nc4 Bg4 13. Qf2 Bxc3 14. Bxc3 b5 15.
Na5 Nd7 16. Nc6 f5 17. Kd2 Rf6 18. d5 Rh6 19. Nd4 exd5 20. b3 a6 21. Rae1 c5 22.
Ne2 Bxe2 23. Rxe2 b4 24. Bb2 c4 25. bxc4 dxc4 26. Bd4 c3+ 27. Kc1 a5 28. Rd1 Nf6
29. Bxf6 Rxf6 30. Rd4 Qh6 31. Re1 Rd6 32. Red1 Rad8 33. Qe2 Rxd4 34. Rxd4 Rxd4
35. exd4 Qc6 36. Qe3 Qa4 37. d5 Qxa2 0-1

[Event "Challenge"]
[Site "http://www.queenalice.com/game.php?id=1225405"]
[Date "2013.10.17"]
[Round "-"]
[White "cocorico"]
[Black "scoutoujours"]
[Result "1/2-1/2"]
[WhiteElo "1853"]
[BlackElo "1747"]

1. d4 d5 2. c4 e6 3. Nf3 Nf6 4. Nc3 Bb4 5. Bg5 O-O 6. e3 c5 7. cxd5 exd5 8. Be2
cxd4 9. Nxd4 Nc6 10. O-O Bxc3 11. bxc3 Nxd4 12. Qxd4 Qd6 13. Bxf6 Qxf6 14. Qxf6
gxf6 15. c4 dxc4 16. Bxc4 Be6 17. Bd3 f5 18. a3 Rad8 19. Rfd1 Rd6 20. Kf1 Rfd8
21. Ke2 Kg7 22. Rac1 b6 23. Rc3 Kf6 24. Rdc1 a5 25. e4 h5 26. f4 fxe4 27. Bxe4
Rd2+ 28. Ke3 R8d6 29. R1c2 Rxc2 30. Rxc2 h4 31. Rb2 Bf5 32. Bxf5 Kxf5 33. Rb5+
Kg6 34. Rg5+ Kh6 35. Rg4 Kh5 36. Rg7 Rf6 37. Ke4 Rg6 38. Rh7+ Kg4 39. f5 Rf6 40.
Rg7+ Kh5 41. Ke5 Rc6 42. Rxf7 Rc5+ 43. Kd6 Kg5 44. f6 Rc2 45. Rf8 Kf5 46. g4+
hxg3 47. hxg3 Rg2 48. Rb8 Kxf6 49. Rxb6 Rxg3 50. Kc5+ Ke7 51. a4 Kd7 52. Rh6
Rg5+ 53. Kb6 Rd5 54. Rh7+ Kc8 55. Kc6 Rd8 56. Ra7 Kb8 57. Rb7+ Kc8 58. Rb5 Rd7
59. Rxa5 Rc7+ 60. Kb6 Rb7+ 61. Ka6 Rb4 62. Rc5+ Kb8 63. a5 Rb7 64. Rc6 Ra7+ 65.
Kb5 Rb7+ 66. Kc5 Rc7 67. Kb6 Rxc6+ 68. Kxc6 Ka7 69. Kb5 Kb7 70. a6+ 1/2-1/2

[Event "Challenge"]
[Site "http://www.queenalice.com/game.php?id=1225409"]
[Date "2013.10.17"]
[Round "-"]
[White "GastonLagaffe"]
[Black "cocorico"]
[Result "0-1"]
[WhiteElo "1647"]
[BlackElo "1793"]

1. d4 Nf6 2. Bf4 g6 3. c4 Bg7 4. Be5 d6 5. Bxf6 Bxf6 6. e3 O-O 7. Nc3 c5 8. d5
e6 9. Qf3 Bxc3+ 10. bxc3 Nd7 11. Qg3 Nf6 12. Bd3 exd5 13. cxd5 Nxd5 14. c4 Qa5+
15. Kf1 Qc3 16. Rd1 Nb4 17. Qxd6 Nxd3 18. Rxd3 Qxc4 19. Qd5 Be6 20. Qxc4 Bxc4
21. Ke2 Rfd8 0-1

[Event "Revanche !"]
[Site "http://www.queenalice.com/game.php?id=1229577"]
[Date "2013.11.3"]
[Round "-"]
[White "GastonLagaffe"]
[Black "cocorico"]
[Result "0-1"]
[WhiteElo "1662"]
[BlackElo "1818"]

1. b4 e5 2. a3 d5 3. Bb2 Bd6 4. d4 e4 5. c4 c6 6. c5 Bc7 7. f3 Qh4+ 8. g3 Bxg3+
9. Kd2 Nf6 10. Nh3 Bc7 11. Rg1 Bxh3 12. Bxh3 Qxh3 13. Rxg7 Qh6+ 14. Kc3 Qxg7 15.
Nd2 Nbd7 16. fxe4 dxe4 17. e3 Nd5+ 18. Kb3 f5 19. h4 Qf7 20. Nc4 Nxe3 21. Qe2
Nxc4 22. Qxc4 Qxc4+ 23. Kxc4 Rf8 24. h5 f4 25. b5 Nf6 26. bxc6 bxc6 27. h6 Nd5
28. Bc1 f3 29. Ra2 f2 30. Rxf2 Rxf2 31. a4 Rc2+ 0-1

[Event "Challenge"]
[Site "http://www.queenalice.com/game.php?id=1247049"]
[Date "2014.1.10"]
[Round "-"]
[White "scoutoujours"]
[Black "cocorico"]
[Result "0-1"]
[WhiteElo "1753"]
[BlackElo "1849"]

1. e4 c5 2. Nf3 Nc6 3. d4 cxd4 4. Nxd4 g6 5. Nxc6 bxc6 6. Nc3 Bg7 7. Qf3 d6 8.
Bc4 e6 9. O-O Ne7 10. Bg5 O-O 11. Bf6 Bb7 12. Bxg7 Kxg7 13. Rfd1 Qc7 14. Qe2
Rad8 15. Rab1 d5 16. exd5 cxd5 17. Bb3 a6 18. a4 Qc6 19. Qf3 e5 20. Ne2 Qb6 21.
Ba2 d4 22. Qb3 Qc6 23. f3 Nf5 24. Ng3 Ne3 25. Rd2 Qc7 26. Rc1 Rb8 27. Qd3 Rfe8
28. Bb3 f5 29. Nf1 Qc5 30. Nxe3 dxe3 31. Re2 f4 32. Qc4 Qxc4 33. Bxc4 Rbd8 34.
Bd3 a5 35. h4 e4 36. Bxe4 Bxe4 37. fxe4 Rxe4 38. c4 Red4 39. Kf1 h6 40. b3 g5
41. hxg5 hxg5 42. g3 Rd3 43. gxf4 gxf4 44. Kg2 Kf6 45. Kf3 Ke5 46. Rb1 Rg8 47.
Ree1 Rg3+ 48. Ke2 Rd2+ 49. Kf1 Rf2# 0-1